Chandan Rakh Te Wairha / (Record no. 525601)

000 -LEADER
fixed length control field 00466nam a22001697a 4500
003 - CONTROL NUMBER IDENTIFIER
control field NUST
038 ## - RECORD CONTENT LICENSOR
Staff Name waseem
082 ## - DEWEY DECIMAL CLASSIFICATION NUMBER
Classification number 891.421
Author Mark SYE
100 ## - MAIN ENTRY--PERSONAL NAME
Personal name Syed, Najam Hussain
9 (RLIN) 15330
245 ## - TITLE STATEMENT
Title Chandan Rakh Te Wairha /
Statement of responsibility, etc. Najam Hussain Syed
260 ## - PUBLICATION, DISTRIBUTION, ETC.
Place of publication, distribution, etc. Lahore :
Name of publisher, distributor, etc. Sochet Kitab Ghar,
Date of publication, distribution, etc. 2003.
300 ## - PHYSICAL DESCRIPTION
Extent 92 p. ;
500 ## - GENERAL NOTE
General note Paperback.
880 ## - ALTERNATE GRAPHIC REPRESENTATION
Linkage 100-01\r
Title نجم حسین سید
880 ## - ALTERNATE GRAPHIC REPRESENTATION
Linkage 245-02\r
Title چندن رکھ تے ویہڑا /
942 ## - ADDED ENTRY ELEMENTS (KOHA)
Source of classification or shelving scheme
Koha item type Book
Holdings
Withdrawn status Lost status Source of classification or shelving scheme Damaged status Not for loan Permanent Location Current Location Shelving location Date acquired Total Checkouts Full call number Barcode Date last seen Price effective from Koha item type
          Central Library (CL) Central Library (CL) Punjabi Literature 07/03/2019   891.421 SYE CL-E-652 07/03/2019 07/03/2019 Book
© 2023 Central Library, National University of Sciences and Technology. All Rights Reserved.